000 00333nam a22001337a 4500
020 _qPB.
040 _cFIZZA ISHAQ
082 _a153.85
_bALF
100 _aKOHN,ALFIE.
_9134033
245 _aPUNISHED BY REWARDS /
_cALFIE KOHN.
260 _aNEW YORK ;
_bHOUGHTON MIFFLIN,
_c1993.
300 _a398 P. ;
_c9.2X6.1IN
942 _2ddc
_cBK
999 _c616958
_d616958